Music Quiz

Random Music or Song Quiz

Antonyms: Hit Songs of 2010-2011 Quiz Stats

 Plays Quiz not verified by Sporcle

Support Sporcle.
Go Orange.
Score 0/10 Timer 01:00
0 Plays Today
Antonym Song % Correct
White and GreenBlack and Yellow
87.4%
Florida BoysCalifornia Gurls
87.3%
Left Below ItRight Above It
58.6%
Senior NightmareTeenage Dream
54.8%
My Hate is Your MediceneYour Love is my Drug
54.5%
Goodbye, Mind BrotherHey, Soul Sister
51.5%
SubmarinesAirplanes
43.6%
Solitaire ButtPoker Face
23%
Something Around MeNothin' on You
16.5%
LNTOMG
12%

You're not logged in!

Compare scores with friends on all Sporcle quizzes.
OR
Log In

From the Vault

Country-Capital Ratios

by Bilbrekk

Think of this as a body mass index for your Atlas.
Remove Ads.
Support Sporcle.
Get the best of Sporcle when you Go Orange. This ad-free experience offers more features, more stats, and more fun while also helping to support Sporcle. Thank you for becoming a member.

Show Comments

Extras

Created Feb 20, 2011ReportNominate
Tags:Song Quiz, Antonym, hit

Top Quizzes Today


Score Distribution

Your Account Isn't Verified!

In order to create a playlist on Sporcle, you need to verify the email address you used during registration. Go to your Sporcle Settings to finish the process.

Report this User

Report this user for behavior that violates our Community Guidelines.

Details: